000 00432nam a2200181Ia 4500
003 0100
008 130303s9999 xx 000 0 und d
040 _cARRUPELIB
050 _aLC190.E61981
100 _aErny, Pierre
245 4 _aThe Child and His Environment in Black Africa
245 _bAn Essay on Traditional Education
260 _aNairobi
260 _bOxford UP
260 _C1981
300 _a230p
942 0 0 _011
999 _c25525
_d25525